000 01060nam a22002777a 4500
001 BD-DhSAU 8665
003 BD-DhSAU
005 20181218102624.0
008 150613b2016 bg a|||| m||| 00| 0 eng d
040 _aBD-DhSAU
082 _222
_a595.7
_bAl117
100 _a Alam , Md. Samsul
_4Registration No. #10-04162
245 _aStudy on the effect of Propolis on the Bee health /
_c Alam , Md. Samsul
_bMs Thesis
260 _aSher-e-Bangla Agricultural University :
_bDepartment of Entomology,
_c2016.
300 _avi, 44p. :
_bill. ;
_c30 cm.
500 _aMS thesis of Department of Entomology, Faculty of Agriculture, Sher-e-Bangla Agricultural University, Dhaka, Bangladesh
504 _aIncludes bibliographical references.
590 _aShofi
650 _aEntomology
650 _aPropolis
650 _a Bee health
700 _aHossain , Mohammed Sakhawat
_eSuperviser
700 _aAli , Mohammed
_eCo-superviser
856 _uhttp://archive.saulibrary.edu.bd:8080/xmlui/handle/123456789/1598
_yOnline Access
942 _2ddc
_cTHESIS
999 _c14151
_d14150